Loading...
Fine Arts - Classical Music | 10 | 17.00 | 90% | 70% | 10% |
Fine Arts - Other Fine Arts | 8 | 18.75 | 100% | 75% | 13% |
Fine Arts - Visual Fine Arts | 7 | 18.57 | 100% | 57% | 29% |
Geography/Current Events | 2 | 15.00 | 100% | 50% | 0% |
History - American History | 8 | 22.50 | 100% | 75% | 50% |
History - European History | 10 | 21.00 | 100% | 80% | 30% |
History - Other History | 7 | 20.00 | 100% | 86% | 14% |
History - World History | 8 | 17.50 | 100% | 75% | 0% |
Literature - American Literature | 8 | 21.25 | 100% | 75% | 38% |
Literature - British Literature | 4 | 25.00 | 100% | 75% | 75% |
Literature - European Literature | 5 | 24.00 | 100% | 100% | 40% |
Literature - World/Other Literature | 8 | 22.50 | 100% | 88% | 38% |
Mythology | 9 | 24.44 | 100% | 78% | 67% |
Other Academic | 2 | 30.00 | 100% | 100% | 100% |
Philosophy | 9 | 16.67 | 100% | 56% | 11% |
Pop Culture | 2 | 20.00 | 100% | 100% | 0% |
Religion | 9 | 16.67 | 100% | 44% | 22% |
Science - Biology | 7 | 14.29 | 86% | 43% | 14% |
Science - Chemistry | 7 | 18.57 | 100% | 71% | 14% |
Science - Other Science | 8 | 12.50 | 100% | 13% | 13% |
Science - Physics | 7 | 17.14 | 86% | 71% | 14% |
Social Science | 9 | 16.67 | 100% | 56% | 11% |
World/Other Literature> | 1 | 20.00 | 100% | 0% | 100% |